| 000 | 01267nam a22003497a 4500 | ||
|---|---|---|---|
| 003 | CHAP | ||
| 005 | 20220329143159.0 | ||
| 008 | 061114d2006 mx r 00110 spa d | ||
| 010 | _a92999 | ||
| 011 | _a93971 | ||
| 035 | _a104554 | ||
| 040 | _cCHAP | ||
| 090 | _aTesis | ||
| 100 | 1 |
_aNuñez Castillo, Sandra Marisol. _982218 |
|
| 245 | 1 | 0 |
_aCaracterización del híbrido Quercus glabrescens Benth. x Quercus rugosa Née, en El Chico, Hidalgo _c/por Sandra Marisol Nuñez Castillo |
| 260 |
_aChapingo, Méx. : _bEl autor, _c2006. |
||
| 300 |
_a33 h. : _bilus.; gráfs.; mapa. |
||
| 502 | _aTesis (Ing. en Restauración Forestal) - - UACH. División de Ciencias Forestales | ||
| 590 |
_aALEPH _b10 _c20130110 _lUCH01 _h1514 |
||
| 590 |
_aBATCH-UPD _b10 _c20130110 _lUCH01 _h0356 |
||
| 590 |
_aBATCH-UPD _b10 _c20130410 _lUCH01 _h0029 |
||
| 590 |
_aBATCH-UPD _b10 _c20130914 _lUCH01 _h1613 |
||
| 590 |
_aCONVERSION _b10 _c20130109 _lUCH01 _h1351 |
||
| 650 | 1 | 4 |
_aÁrboles _zHidalgo. _982442 |
| 650 | 1 | 4 |
_aHibridación vegetal. _955145 |
| 650 | 1 | 4 |
_aQuercus. _993173 |
| 901 | _aBK | ||
| 905 | _aElisama A. H. | ||
| 942 | _cFOLL | ||
| 949 |
_aTesis _bBC _cTES _d33724002004694 _eTS2 _fc.2 _h45864 _i104554 _sb |
||
| 949 |
_aTesis _bBC _cTES _d33724002004736 _eTS1 _h45863 _i104554 _sb |
||
| 999 |
_c92999 _d92999 |
||